000 00391 a2200169 4500
001 183399
020 _a85-322-0325-6
040 _cMagnum
100 _aGastelois, Maria Magdalena Lana
240 1 0 _aSapo cururinho da beira do rio
_lpor
245 1 0 _aSapo cururinho da beira do rio
300 _a24
362 0 _a1990
440 1 _aFTD
697 _aLITERATURA INFANTIL
942 _cBK
999 _c183399
_d183399